Movies Quiz

Random Movies or Oscar Quiz

Oscar/Razzie winners Quiz Stats

 Plays Quiz not verified by Sporcle

Score 0/10 Timer 01:00
0 Plays Today
Answer % Correct
Sandra Bullock
71.2%
Halle Berry
63.6%
Al Pacino
25.8%
Marlon Brando
22.7%
Laurence Olivier
18.2%
Faye Dunaway
18.2%
Kevin Costner
15.2%
Roberto Benigni
15.2%
Liza Minnelli
7.6%
Charlton Heston
4.5%

You're not logged in!

Compare scores with friends on all Sporcle quizzes.
OR
Log In

Sporcle TV

Today on Sporcle TV


Watch our educational content, quiz creation guides, and fun videos on Sporcle TV.

Show Comments

Extras

Top Quizzes Today


Score Distribution

Your Account Isn't Verified!

In order to create a playlist on Sporcle, you need to verify the email address you used during registration. Go to your Sporcle Settings to finish the process.

Report this User

Report this user for behavior that violates our Community Guidelines.

Details: